00392nam a2200109Ia 4500008004100000245013100041260002900172260000900201300000600210650001300216856005300229170516s9999 xx 000 0 und d aFormulations of Amlodipine: A Review, Muhammad Ali Sheraz, Syed Furqan Ahsan, Marium Fatima Khan, Sofia Ahmed, and Iqbal Ahmad bJournal of Pharmaceutics c2016 a: xPharmacy uhttps://www.hindawi.com/journals/jphar/contents/